000 01144cam a22003377a 4500
003 CHAP
005 20220329134638.0
008 971013s1948 r 00010 d
010 _a23531
011 _a24503
035 _a28602
040 _cCHAP
082 _a632.7
_bC45p
100 0 0 _aChiesa Molinari, Orestes.
_922289
245 1 4 _aLas plagas de la agricultura
_b: manual práctico de procedimientos modernos para combatirlas
260 _aBuenos Aires :
_bEl Ateneo,
_c1948
300 _a497 p.
_b: ilus
590 _aBATCH-UPD
_b10
_c20130109
_lUCH01
_h2312
590 _aBATCH-UPD
_b10
_c20130109
_lUCH01
_h2341
590 _aBATCH-UPD
_b10
_c20130110
_lUCH01
_h1141
590 _aBATCH-UPD
_b10
_c20130409
_lUCH01
_h1831
590 _aBATCH-UPD
_b10
_c20130914
_lUCH01
_h0022
590 _aCONVERSION
_b10
_c20130109
_lUCH01
_h1314
650 1 4 _aAgricultura
_xPlagas.
_91764
650 1 4 _aEntomología económica.
_937145
650 1 4 _aInsecticidas.
_958855
901 _aBK
942 _cLIBRO
949 _a632.7 C45p
_bBC
_cLIBRO
_d33724000920518
_eLIBRO
_fc.2
_h23025
_i28602
_si
949 _a632.7 C45p
_bBC
_cMUT
_d-65891
_eMUT
_h27537
_i28602
_si
999 _c23531
_d23531